Responses for Show #7842 - Tuesday, October 16, 2018

Alan Dunn game 3.

Contestants

[<< previous game]

Prairie Rose Clayton, a taxonomist from Cambridge, Massachusetts

Hila Saxer, an ASL interpreter from Washington, Pennsylvania

Alan Dunn, a software development manager from Johns Creek, Georgia (whose 2-day cash winnings total $51,600)

[next game >>]

Jeopardy! Round responses

ANIMAL, VEGETABLE OR MINERAL
ENDS IN AN F SOUND
REALLY BIG SPORTS STARS
WAR FARE
EMILYS
LIST
    $200 6
vegetable

Prairie
    $200 1
an epitaph

Hila
    $200 11
(Shaquille) O'Neal

Hila
    $200 25
the Red Cross

Alan
    $200 18
Emily Brontë

Alan
    $200 30
(Alan: What is gumbo?)

an onion

AlanHila
    $400 7
an animal

Prairie
    $400 2
a hog trough

Alan
    $400 12
Refrigerator

Alan
    $400 16
Valley Forge

Alan
    $400 26
(Emily) Post

Alan
    $400 21
(Hila: Who is the Majority Whip?)

Secretary of State

AlanHila
    $600 8
animal

Alan
    $600 3
a carafe

Hila
    $600 13
(Aaron) Judge

Alan
    $600 17
Spam

Prairie
    $600 27
the Dixie Chicks

Prairie
    $600 22
mittens

Alan
    $800 9
a mineral

Alan
    $800 4
a nymph

Prairie
    $800 14
Unit

Prairie
    $800 19
a ration card

Alan
    $800 28
Emily the Strange

Prairie
    $800 23
pale

Prairie
    $1000 10
mineral

Prairie
    $1000 5
bluff

Alan
    $1000 15
Too Tall

Alan
    $1000 20
hardtack

Alan
    $6,000 29
(Prairie: What is Beowulf?)

The Odyssey

Prairie
    $1000 24
blood

Alan

Scores at the first commercial break (after clue 15):

Alan Hila Prairie
$4,800 $1,000 $3,200

Scores at the end of the Jeopardy! Round:

Alan Hila Prairie
$9,600 $800 $0

Double Jeopardy! Round responses

IF 1800s AMERICA HAD TODAY'S TECHNOLOGY
IN THE DICTIONARY
BIBLICALLY INSPIRED LITERATURE
CONQUERED AFTER EVEREST
ANTHROPOLOGY
THEIR FINAL FILM ROLE
    $400 6
Pony Express

Prairie
    $400 1
convict

Prairie
    $400 26
Adam and Eve

Alan
    $400 16
the Andes

Hila
    $400 11
(Alan: What is clay?)
(Hila: What's papyrus?)

wax

AlanHilaPrairie
    $400 21
Paul Walker

Prairie
    $800 7
Gettysburg

Alan
    $800 2
(Prairie: What is music?)

dance

AlanPrairie
    $2,000 27
Ishmael

Alan
    $800 17
New Guinea

Prairie
    $800 12
Neanderthals

Hila
    $800 22
Philip Seymour Hoffman

Triple Stumper
    $1200 8
Little Men

Prairie
    $1200 3
Soho

Alan
    $1200 28
[The end-of-round signal sounds.]

(Anne) Rice

Alan
    $1200 18
K2

Prairie
    $1200 13
the Amazon

Prairie
    $1200 23
(Alex: With less than a minute to go now.)

Spencer Tracy

Hila
    $1600 9
William Henry Harrison

Prairie
    $1600 4
shiatsu

Alan
    $1600 19
the Northwest Territories

Prairie
    $1600 14
raw

Prairie
    $1600 24
James Dean

Prairie
    $2000 10
St. Louis

Alan
    $6,000 5
(Alan: What is false color imaging?)

thermography

Alan
    $2000 20
the Orkney Islands

Hila
    $2000 15
(Prairie: What is, uh, the Glacier Man?

the Iceman

Prairie
Triple Stumper
    $2000 25
Natalie Wood

Hila

Scores at the end of the Double Jeopardy! Round:

Alan Hila Prairie
$13,200 $6,800 $9,600

[wagering suggestions for these scores]

Final Jeopardy! Round responses

THE SOLAR SYSTEM
HilaWhat is Pegasus
$6,500
PrairieWhat is Pluto
$8,150
AlanWhat is Ve Pluto?
$6,001
Pluto

Final scores:

Alan Hila Prairie
$19,201 $300 $17,750
3-day champion: $70,801 3rd place: $1,000 2nd place: $2,000

Game dynamics:

Coryat scores:

Alan Hila Prairie
$18,000 $6,800 $15,600
24 R
(including 1 DD),
3 W
(including 1 DD)
9 R,
2 W
21 R,
3 W
(including 1 DD)

Combined Coryat: $40,400

[game clues] [game scores] [suggest correction]

Game tape date: 2018-08-15
The J! Archive is created by fans, for fans. Scraping, republication, monetization, and malicious use prohibited; this site may use cookies and collect identifying information. See terms. The Jeopardy! game show and all elements thereof, including but not limited to copyright and trademark thereto, are the property of Jeopardy Productions, Inc. and are protected under law. This website is not affiliated with, sponsored by, or operated by Jeopardy Productions, Inc. Join the discussion at JBoard.tv.